书目信息 |
| 题名: |
硕士研究生入学考试英语复习指南
|
|
| 作者: | 汪林 主编 | |
| 分册: | ||
| 出版信息: | 北京 国防工业出版社 2004.01 |
|
| 页数: | 367页 | |
| 开本: | 24cm | |
| 丛书名: | ||
| 单 册: | ||
| 中图分类: | H31-62 | |
| 科图分类: | ||
| 主题词: | 英语 | |
| 电子资源: | ||
| ISBN: | 7-118-03257-3 | |
| 000 | 00587nam0 2200193 45 | |
| 001 | 0462968311 | |
| 005 | 2004052617292735 | |
| 010 | @a7-118-03257-3@dCNY 32.00 | |
| 100 | @a20040526d2004 km y0chiy0120 ea | |
| 101 | 0 | @achi |
| 102 | @aCN@b110000 | |
| 200 | 1 | @a硕士研究生入学考试英语复习指南@AShuo Shi Yan Jiu Sheng Ru Xue Kao Shi Ying Yu Fu Xi Zhi Nan@f汪林主编@FWang Lin Zhu Bian |
| 210 | @a北京@c国防工业出版社@d2004.01 | |
| 215 | @a367页@d24cm | |
| 606 | 0 | @a英语 |
| 690 | @aH31-62@v3 | |
| 701 | 0 | @a汪林@AWang Lin@4主编 |
| 801 | 0 | @aCN@bPFT@c20040526 |
| 905 | @a安徽大学@dH31-62@eW065 | |
| 硕士研究生入学考试英语复习指南/汪林主编.-北京:国防工业出版社,2004.01 |
| 367页;24cm |
| ISBN 7-118-03257-3:CNY 32.00 |
| ● |
| 相关链接 |
|
|
|
正题名:硕士研究生入学考试英语复习指南
索取号:H31-62/W065
 
预约/预借
| 序号 | 登录号 | 条形码 | 馆藏地/架位号 | 状态 | 备注 |
| 1 | 377886 | 203778867 | 社科二线400B/209语言库 94排3列4层/ [索取号:H31-62/W065] | 在馆 | |
| 2 | 377887 | 203778876 | 语言库209/209语言库 94排3列4层/ [索取号:H31-62/W065] | 在馆 | |
| 3 | 377888 | 203778885 | 语言库209/209语言库 94排3列4层/ [索取号:H31-62/W065] | 在馆 |